000 04807cam a2200433 i 4500
001 ocn1328007925
003 EG-ScBUE
005 20260505085238.0
008 230323r20252021enka f bc 001 0 eng d
020 _a9781838665715
035 _a(OCoLC)ocn1328007925
040 _aUKMGB
_beng
_erda
_cDLC
_dUKMGB
_dBDX
_dOCLCF
_dYDX
_dOG$
_dAVA
_dEZB
_dOCLCO
_dAMH
_dOCLCO
_dIG#
_dCNGUL
_dOCLCO
_dOCLCL
_dUKCCH
_dEG-ScBUE
082 0 4 _a741.9243
_222
_bVIT
245 0 0 _aVitamin D3 :
_btoday's best in contemporary drawing /
_cproject editor, Louisa Elderton ; commissioning editor, Rebecca Morrill ; [introduction by Anna Lovatt].
250 _aReprint edition.
264 1 _aLondon :
_bPhaidon Press Limited,
_c2025.
300 _a303 pages :
_billustrations (some color) ;
_c29 cm
336 _atext
_btxt
_2rdacontent
336 _astill image
_bsti
_2rdacontent
337 _aunmediated
_bn
_2rdamedia
338 _avolume
_bnc
_2rdacarrier
500 _aIncludes index.
500 _aOriginally published: 2021.
504 _aIncludes bibliographical references and index.
505 0 _aIntroduction / Anna Lovatt -- Jumana Emil Abboud -- Vernon Ah Kee -- Deniz Aktaş -- Mounira Al Solh -- ruby onyinyechi amanze -- Catherine Anyango Grünewald -- Kate Atkin -- Tauba Auerbach -- Vanessa Baird -- Nadiah Bamadhaj -- Thiago Barbalho -- Edouard Baribeaud -- Phoebe Boswell -- Conrad Botes -- Teresa Burga -- Adriana Bustos -- Miriam Cahn -- Nidhal Chamekh -- Milano Chow -- Susan Collis -- Robert Crumb -- Darren Cullen -- Kenturah Davis -- Miriam de Búrca -- Ibrahim El-Salahi -- İnci Eviner -- Edie Fake -- Hondartza Fraga -- Tom Friedman -- Chitra Ganesh -- Nikolaus Gansterer -- Claire Gavronsky -- Mauro Giaconi -- Rachel Goodyear -- Monika Grzymala -- Enver Hadzijaj -- Sheroanawe Hakihiiwe -- Masanori Handa -- Naotaka Hiro -- Ahmet Doğu İpek -- Marie Jacotey -- Claudette Johnson -- Rashid Johnson -- Jasmine Nilani Joseph -- Anton Kannemeyer -- Nick Kennedy -- Christine Sun Kim -- Minjung Kim -- Tania Kovats -- Maija Kurševa -- Glenda León -- Zilla Leutenegger -- Tony Lewis -- Atef Maatallah -- Jessie Makinson -- Nick Mauss -- Emma McNally -- Jade Montserrat -- Alice Morey -- Pierre Mukeba -- Oscar Muñoz -- Ebecho Muslimova -- Iván Navarro -- Tom Nicholson -- Otobong Nkanga -- Gareth Nyandoro -- Toyin Ojih Odutola -- Bernardo Ortiz -- Sanou Oumar -- Ceren Oykut -- Prabhakar Pachpute -- Hardeep Pandhal -- Payer Gabriel -- Gustavo Pérez Monzón -- Mick Peter -- Deanna Petherbridge -- Qiu Anxiong -- Qiu Zhijie -- Christina Quarles -- Hannah Quinlan & Rosie Hastings -- Nathaniel Mary Quinn -- Camilo Restrepo -- Abel Rodríguez -- Gamaliel Rodríguez -- Rebecca Salter -- Massinissa Selmani -- Wael Shawky -- Nilima Sheikh -- Sancintya Mohini Simpson -- Victoria Sin -- Eduardo Stupía -- Angela Su -- José Antonio Suárez Londoño -- Pamela Phatsimo Sunstrum -- Bhagyashree Suthar -- Emma Talbot -- Kyle Thurman -- Viktor Timofeev -- Barthélémy Toguo -- Achraf Touloub -- Nicola Tyson -- Johanna Unzueta -- Hannelore Van Dijck -- José Vera Matos -- Diane Victor -- Hajra Waheed -- Barbara Walker -- Evelyn Taocheng Wang -- Charmaine Watkiss -- Martin Wilner -- John Wood and Paul Harrison -- Yuichi Yokoyama -- Honza Zamojski -- Zarina -- Sergio Zevallos.
520 _a"Over the past 50 years, drawing has been elevated from a supporting role to a primary medium, ranking alongside painting as a central art form. Since the publication of Vitamin D (2005) and D2 (2013), contemporary artists have continued to explore drawing's possibilities - from intimate to large-scale works, in a diversity of mark-making processes and materials. Vitamin D3 showcases more than 100 such artists, nominated by more than 70 international art experts. The more than 70 nominators include: Iwona Blazwick, Louisa Buck, Mark Coetzee, Thelma Golden, Laura Hoptman, Geeta Kapur, Pablo Leon de la Barra, Christine Macel, Kate Macfarlane, Hans Ulrich Obrist, and Zoe Whitley. The more than 100 artists include: Miriam Cahn, Robert Crumb, Tom Friedman, Tania Kovats, Claudette Johnson, Rashid Johnson, Otobong Nkanga, Toyin Ojih Odutola, Deanna Petherbridge, Christina Quarles, Qiu Zhijie, Nathaniel Mary Quinn, Wael Shawky, Emma Talbot, and Johanna Unzueta"--Publisher's description
650 7 _aDrawing
_y21st century.
_2BUEsh
650 7 _aDrawing
_y20th century.
_2BUEsh
650 7 _aDrawing
_y21st century
_vCatalogs.
_2BUEsh
650 7 _aDrawing
_y20th century
_vCatalogs.
_2BUEsh
650 7 _aArtists
_y21st century
_vBiography.
_2BUEsh
650 7 _aArtists
_y20th century
_vBiography.
_2BUEsh
650 7 _aArtists
_vBiography.
_2BUEsh
653 _cMay2026
_bART
655 _vReading book
700 1 _aElderton, Louisa,
_eeditor.
700 1 _aMorrill, Rebecca,
_eeditor.
942 _2ddc
_cBB
999 _c31193
_d31164